ბათუმის შოთა რუსთაველის სახელმწიფო უნივერსიტეტის ბიბლიოთეკა

ეტრუსკული საკულტო ტერმინოლოგია : (ბიბ.ჩანაწერი № 60267)

000 -ლიდერი
ფიქსირებული სიგრძის საკონტროლო ველი 00999nam a22002177a 4500
003 - საკონტროლო ნომრის იდენტიფიკატორი
საკონტროლო ველი Ge_BSU
005 - ბოლო ოპერაციის თარიღი და დრო
საკონტროლო ველი 20230623105805.0
008 - ფიქსირებული სიგრძის მონაცემთა ელემენტები - ზოგადი ინფორმაცია
ფიქსირებული სიგრძის საკონტროლო ველი 230623s1994 ge ||||| |||| 00| 0 geo d
041 ## - ენის კოდი
Language code of text/sound track or separate title geo
080 ## - უნივერსალური ათობითი კლასიფიკაციის ინდექსი
Universal Decimal Classification number 81'374.26:2-5=342.1 კ-64
100 ## - მთავარი ჩანაწერი - პიროვნების სახელი
Personal name კობახიძე, ეკატერინე
9 (RLIN) 666
245 ## - ცნობა სათაურის შესახებ
Title ეტრუსკული საკულტო ტერმინოლოგია :
Remainder of title (სემანტიკა, გენეზისი) /
Statement of responsibility, etc ეკატერინე კობახიძე; [რედ.: რ. გორდეზიანი].
264 ## - წარმოების, გამოცემის, დისტრიბუციის და სხვა ცნობები
გამოცემის, წარმოების, დისტრიბუციის... ადგილი თბილისი :
გამოცემის, წარმოების, დისტრიბუციის... სახელწოდება ლოგოსი,
გამოცემის, წარმოების, დისტრიბუციის... თარიღი 1994.
300 ## - ფიზიკური აღწერა
Extent 150გვ. ;
Other physical details 20სმ.
504 ## - BIBLIOGRAPHY, ETC. NOTE
Bibliography, etc ბიბლიოგრ. გვ. 139-148
653 ## - INDEX TERM--UNCONTROLLED
Uncontrolled term რელიგიური კულტები
653 ## - INDEX TERM--UNCONTROLLED
Uncontrolled term სემანტიკა
653 ## - INDEX TERM--UNCONTROLLED
Uncontrolled term გენეზისი
700 ## - ADDED ENTRY--PERSONAL NAME
Personal name გორდეზიანი, რ.
Relator term რედაქტორი
9 (RLIN) 18917
942 ## - ADDED ENTRY ELEMENTS (KOHA)
Source of classification or shelving scheme
Koha item type წიგნი
ეგზემპლარები
ჩამოწერის სტატუსი დაკარგული ეგზემპლარის სტატუსი კლასიფიკაციის წყარო ან თაროზე გაწყობის სქემა დაზიანების სტატუსი არ გაიცემა მუდმივი მდებარეობა (დაცვის ადგილი) ამჟამინდელი ადგილსამყოფელი თაროზე განთავსების ადგილი შეძენის თარიღი ღირებულება, შესყიდვის ნორმალური ფასი სრული შენახვის შიფრი შტრიხკოდი ბოლო ოპერაციის თარიღი ეგზემპლარის მიმდევრობითი ნომერი (კეტერი?) Uniform Resource Identifier ფასის ძალაში შესვლის თარიღი ეგზემპლარის სახეობა საჯარო შენიშვნა
          ბათუმის შოთა რუსთაველის სახელმწიფო უნივერსიტეტის მთავარი ბიბლიოთეკა ბათუმის შოთა რუსთაველის სახელმწიფო უნივერსიტეტის მთავარი ბიბლიოთეკა წიგნსაცავი 2023-06-23 5.00 81'374.26:2-5=342.1 კ-64 64754 2023-06-23 64754 ბსუ-ს საპატიო დოქტორის გურამ ლორთქიფანიძის საჩუქარი 2023-06-23 წიგნი 5 ლ.